| 000 | 03063cam a2200337 a 4500 | ||
|---|---|---|---|
| 001 | 17157179 | ||
| 003 | OSt | ||
| 005 | 20210414114456.0 | ||
| 008 | 120209s2011 ilua b 001 0 eng c | ||
| 010 | _a 2011410613 | ||
| 020 | _a9781577667063 (pbk.) | ||
| 020 | _a1577667069 (pbk.) | ||
| 035 | _a(OCoLC)ocn669754817 | ||
| 040 |
_aBTCTA _beng _cBTCTA _dYDXCP _dIQU _dINU _dDLC |
||
| 042 | _apcc | ||
| 050 | 0 | 0 | _aP90.L48 |
| 082 | 0 | 0 |
_a302.2 _223 |
| 100 | 1 | _aLittlejohn, Stephen W. | |
| 245 | 1 | 0 |
_aTheories of human communication. / _cStephen W. Littlejohn, and Karen A. Foss. |
| 246 | 3 | 0 | _aHuman communication |
| 250 | _a10th ed. | ||
| 260 |
_aIllinois : _bWaveland Press, _cc2011. |
||
| 300 |
_axii, 487 p. : _bills. ; _c24 cm. |
||
| 500 | _aIncludes bibliographical references (p. 425-474) and index. | ||
| 505 | _aContents: Foundations: Communication theory and scholarship: Defining communication -- The Academic study of communication -- The Process of inquiry in communication -- The idea of theory: Dimensions of theory -- Nomothetic theory -- Practical theory -- Evaluating communication theory -- Looking forward -- Traditions of communication theory: Framing communication theory -- The Semiotic tradition -- The phenomenological tradition -- The Cybernetic tradition -- The Sociopsychological tradition -- The Sociocultural tradition -- The Critical tradition -- The Rhetorical tradition -- Expanding contexts for communication -- Theories: The Communicator: The Sociopsychological tradition -- The Cybernetic tradition -- The Sociocultural tradition -- The Rhetorical tradition -- The Critical tradition -- The Message: The Semiotic tradition -- The Phenomenological tradition -- The Rhetorical tradition -- The Sociocultural tradition -- The Sociopsychological tradition -- The Conversation: the sociopsychological tradition -- The Sociocultural tradition -- The Rhetorical tradition -- The Cybernetic tradition -- The Critical tradition -- The relationship: the cybernetic tradition -- The sociopsychological tradition -- The rhetorical tradition -- The sociocultural tradition -- The phenomenological tradition -- The group: The sociopsychological tradition -- The cybernetic tradition -- The sociocultural tradition -- The critical tradition -- The organization: The sociopsychological tradition -- The cybernetic tradition -- The Rhetorical tradition -- The Sociocultural tradition -- The Critical tradition -- The media: The semiotic tradition -- The Sociocultural tradition -- The Sociopsychological tradition -- The Cybernetic tradition -- The Rhetorical tradition -- The Critical tradition -- Culture and society: The Semiotic tradition -- The Cybernetic tradition -- The Phenomenological tradition -- The Sociocultural tradition -- The Critical tradition -- The Rhetorical tradition -- Continuing the conversation: Theorizing your world. | ||
| 650 | 0 |
_aCommunication _xPhilosophy. |
|
| 700 | 1 | _aFoss, Karen A. | |
| 906 |
_a7 _bcbc _cpccadap _d2 _encip _f20 _gy-gencatlg |
||
| 942 |
_2lcc _cBK |
||
| 999 |
_c5658 _d13158 |
||